Top 10 Video Games Of All Time - Statistics

General Stats
  • This quiz has been taken 16 times
  • The average score is 5 of 10
Answer Stats
Number Release Year Console Game % Correct
10 2017 Switch The Legend Of Zelda: Breath Of The Wild
70%
1 2007 Wii Super Mario Galaxy
60%
2 2010 Wii Super Mario Galaxy 2
60%
9 2002 GameCube Super Mario Sunshine
60%
4 1998 GameCube The Legend Of Zelda: Ocarina Of Time
60%
3 2000 GameCube The Legend Of Zelda: Majora's Mask
50%
8 2022 PlayStation 5 Elden Ring
40%
5 2006 GameCube The Legend Of Zelda: Twilight Princess
40%
7 2002 GameCube Metroid Prime
30%
6 2020 PlayStation 4 The Last Of Us Part II
30%
No matching quizzes found
Score Distribution
Percent of People with Each Score
Percentile by Number Answered
Your Score History
You have not taken this quiz